Loading...

ആഗോളീകരണം അമേരിക്കയിലും ഇന്ത്യയിലും

Bibliographic Details
Main Author: ഏര്‍ത്തയില്‍ എസ്. ജെ., മാത്യു
Format: Printed Book
Language:English
Subjects:
LEADER 00793nam a22001697a 4500
008 130718b xxu||||| |||| 00| 0 eng d
082 |a 337.2   |2 AER 
100 |a ഏര്‍ത്തയില്‍ എസ്. ജെ., മാത്യു 
240 |a Agoleekaranam Amerikkayilim Indiayilum 
245 |a ആഗോളീകരണം അമേരിക്കയിലും ഇന്ത്യയിലും   |c മാത്യു ഏര്‍ത്തയില്‍ എസ്. ജെ. 
300 |a 42p. 
600 |a Aerthayil S. J., Mathew 
650 |a Globalization 
650 |a Study 
942 |2 ddc  |c BK 
999 |c 1461  |d 1461 
952 |0 0  |1 0  |2 ddc  |4 0  |6 337_200000000000000_AER  |7 0  |9 1582  |a MAIN  |b MAIN  |d 2013-07-18  |e Samayam Publications  |g 35.00  |l 21  |m 2  |o 337.2 AER  |p 1634  |r 2019-10-31  |s 2019-10-23  |w 2013-07-18  |y BK